000 00624nam a2200253Ia 4500
003 OSt
005 20220912153049.0
006 a|||||r|||| 00| 0
007 ta
008 220909b |||||||| |||| 00| 0 eng d
024 _a22736
037 _cTextual
040 _aCSL
_beng
_cCSL
041 _aeng
082 _aB331, L2
100 _aGihman I I
245 0 _aStochamstic differential equations
260 _c1972
300 _ap.
_ccm.
490 _aErgebnisse der mathematik; 72
700 _a Skorobod A V
942 _hB331, L2
_cTEXL
_2CC
999 _c97548
_d97548